Statistics for fifa 16 legends former teams

Click here to take the quiz!

General Stats

  • This quiz has been taken 106 times
  • The average score is 10 of 17

Answer Stats

HintAnswer% Correct
ruud Van Nistlerooymanchester united
90%
Michael Laudrupbarcelona
83%
Patrick Vieraarsenal
78%
Gennaro Gattussoac milan
73%
Gianfranco Zolachelsea
73%
Alan Shearernewcastle united
73%
Robbie Fowlerliverpool
72%
Frank Rijkaardac milan
70%
Marco Van Bastenajax
70%
PeleSantos
70%
Lothar Matthausbayern munich
63%
Henrik Larssonceltic
48%
Bobby Moorewest ham
47%
brian laudruprangers
16%
frank de boerrangers
15%
Roberto Carloscorinthians
6%
George Besthibernian
6%

Score Distribution

Percentile by Number Answered

Percent of People with Each Score

Your Score History

You have not taken this quiz